000 02771nam0a22003491 4500
001 v19\rc\1297691
005 20260405093423.0
035 _a(NLR Aleph) 005193997
090 _a5242123
_c5242123
100 _a20060306d1864 |||y0rusy50 ca
101 1 _arus
_cfre
102 _aRU
105 _ay z |||||
200 1 _aКнига чудес или Физиология незримого мира, объясняющая таинственные и непостижимые для внешних чувств явления мира духов и внутренней жизни человеческой
_fСоч. д-ра Дебэ
210 _aМосква
_cИ.М. Хотинский
_d1864
215 _a289, III с.
_d22
300 _aЗагл. ориг.: Hypnologie: du sommeil et des songes ou point de vue, physiologigue, somnambulisme, magnélisme, extase hallucination, exposé d'une théorie du fluide électro-'sympatigue. Пер. также под загл.: Книга чудес или Простые речи о мудреных вещах..., Мир чудесного, таинственного и неразгаданного, Тайны сна и магнетизма, или Толкование явлений царства незримого мира
451 0 _12001#$aКнига чудес, или Простые речи о мудреных вещах
_tКнига чудес, или Простые речи о мудреных вещах
451 0 _12001#$aМир чудесного, таинственного и неразгаданного
_tМир чудесного, таинственного и неразгаданного
451 0 _12001#$aТайны сна и магнетизма, или Толкование явлений царства незримого мира
_tТайны сна и магнетизма, или Толкование явлений царства незримого мира
454 0 _12001#$aHypnologie: du sommeil et des songes ou point de vue, physiologigue, somnambulisme, magnélisme, extase hallucination, exposé d'une théorie du fluide électro-'sympatigue
_tHypnologie: du sommeil et des songes ou point de vue, physiologigue, somnambulisme, magnélisme, extase hallucination, exposé d'une théorie du fluide électro-'sympatigue
517 0 _aФизиология незримого мира
700 1 _8rus
_7ca
_aДебе
_bО.
_f1802-1890
_gОгюст
_3RU\NLR\AUTH\7734353
_917357
801 0 _aRU
_bNLR
_c20060306
_gpsbo
801 0 _aRU
_bRuMoRGB
_c20060306
_2psbo
801 1 _aRU
_bProSoft-M
_c20060306
_2rusmarc
801 2 _aRU
_bNLR
_c20121119
_2rusmarc
852 _aNLR
_j18.115.3.8
852 _aNLR
_j36.82.7.95
852 _aNLR
_bМф
_jК1/16983
942 _cBOOK
980 _aNB